| 000 | 00512nam a2200181Ia 4500 | ||
|---|---|---|---|
| 999 |
_c28935 _d28935 |
||
| 003 | OSt | ||
| 005 | 20201127110508.0 | ||
| 008 | 190216s9999||||xx |||||||||||||| ||und|| | ||
| 020 | _a9788182640573 | ||
| 040 | _coclc | ||
| 082 |
_a894.8123 _bRAG/C |
||
| 100 |
_aRaghunathan, K _96852 |
||
| 245 | 0 |
_aColambia / _cK Raghunathan |
|
| 260 |
_bMathrubhumi Printing & publishing, _aKozhikode: _c2004. |
||
| 300 | _a84p | ||
| 650 | _aNovel | ||
| 942 |
_cBK _2ddc _h894.8123 _iRAG/C _k894.8123 _mRAG/C |
||